1579 1913 1851 1832 1318 1944 1697 1919 1268 1408 1214 1233 1010 1702 1446 1327 1570 1351 1556 1880 1065 1593 1154 1179 1041 1769 1479 1696 1304 1752 1613 1775 1317 1603 1308 1749 1307 1135 1853 1883 1902 1150 1653 1871 1243 1708 1701 1038 1609 1893 1125 1290 1982 1893 1740 1729 1426 1023 1725 1035 1517 1825 1226 1236 1506 1751 1770 1063 1467 1586 1731 1849 1194 1235 1767 1888 1014 1501 1577 1074 1867 1713 1867 1388 1732 1541 1289 1620 1262 1403 1126 1312 1003 1380 1552 1662 1280 1055 1151 BCNSPRNW ULIB Ver.6.0+V

เปลี่ยนเป็นภาษาไทย

Change to English
 แสดงรายละเอียดบรรณานุกรม
  กลับหน้าหลัก

Brief Record : Get Marc (ISO 2709) : E-mail record : QR code < ปิดหน้าต่าง
LEADER : 00000nam 2200000uu 4500
001    13399125178
003     ULIB
008    161031s2556||||th 000 0 tha d
050  0 ^aBQ4570 ป451น
100  ^ aหลวงพ่อปราโมทย์ ปาโมชฺโช.
245  ^ นาทีทองในสังสารวัฏเล่ม 3 / ^cธรรมเทศนาโดย หลวงพ่อปราโมทย์ ปาโมชฺโช.
250    พิมพ์ครั้งที่ 1
260  ^ aกรุงเทพฯ :^bธรรมดา,^c2556
300  ^ aเล่ม.
505 0^ aล.3 กัณฑ์ที่ 11-15.
945    ^p0^l0^i001445
999    ^aวรรณษา ชูชัยมงคล
รายการนี้ยังไม่มีแท็ก
คุณยังไม่ได้ล็อกอิน คุณสามารถมีกิจกรรมร่วมกับเว็บไซต์ได้ แต่ต้องล็อกอินก่อน ::
  ล็อกอิน

รายการสื่อสารสนเทศ

ลำดับที่ ประเภท เลขเรียก/บาร์โค้ด สถานที่ สถานะ
1. การศึกษาทั่วไป
การศึกษาทั่วไป
BQ4570 ป451น ฉ.1 
  Barcode: 001445
ห้องสมุดวิทยาเขตสวรรค์ประชารักษ์
►หนังสือทั่วไป
บนชั้น

รายการใกล้เคียง
    ผู้แต่ง [aหลวงพ่อปราโมทย์ ปาโมชฺโช.]

BibComment


ยังไม่เคยถูกคอมเมนท์

คอมเมนท์ทรัพยากรรายการนี้
  คอมเมนท์: นาทีทองในสังสารวั..


 Copyright 2026. Bcnsprnw @Library